Dịch "Ngục trung nhật ký" ra tiếng Tày - Nùng - đôi điều suy nghĩ và cảm nhận /

Sparad:
Bibliografiska uppgifter
Huvudupphovsman: Hoàng An.
Materialtyp: Artikel
Språk:Vietnamese
Ämnen:
Taggar: Lägg till en tagg
Inga taggar, Lägg till första taggen!
Thư viện lưu trữ: Thư viện Trường Đại học Đà Lạt
LEADER 00835nam a2200277 4500
001 DLU180182903
005 ##20180109
040 # # |a DLU  |b vie 
041 # # |a vie 
044 # # |a vn 
100 # # |a Hoàng An. 
245 # # |a Dịch "Ngục trung nhật ký" ra tiếng Tày - Nùng - đôi điều suy nghĩ và cảm nhận /  |c Hoàng An. 
653 # # |a "Ngục trung nhật ký" 
653 # # |a Dịch thơ 
653 # # |a Hồ Chí Minh 
653 # # |a Nùng 
653 # # |a Tày  
773 # # |t Tạp chí Lý luận, phê bình văn học, nghệ thuật  |g Số 14, 2013, tr. 13-19 
920 # # |a Phòng Tạp chí --Trung tâm Thông tin - Thư viện Trường Đại học Đà Lạt 
900 # # |a True 
911 # # |a Lê Thị Hồng 
925 # # |a G 
926 # # |a A 
927 # # |a BB 
980 # # |a Thư viện Trường Đại học Đà Lạt